[Event "USA-ch Junior Girls 2019"]
[Site "Saint Louis"]
[Date "2019.07.14"]
[Round "4.1"]
[White "Cervantes Landeiro, Thalia"]
[Black "Nguyen, Emily"]
[Result "1/2-1/2"]
[WhiteElo "2147"]
[BlackElo "2102"]
[Annotator "TA"]
[PlyCount "74"]
[EventDate "2019.07.09"]
[EventType "tourn"]
[EventCountry "USA"]
[SourceTitle "playchess.com"]
[Source "ChessBase"]
[SourceQuality "1"]

{[%evp 9,74,29,30,26,31,11,37,27,35,17,52,3,10,0,-2,-16,-10,-25,8,11,36,31,31,29,34,16,49,53,57,38,44,-18,7,0,0,0,8,8,8,8,16,20,35,35,35,39,41,25,25,31,41,0,33,8,24,8,25,8,8,8,8,8,8,0,0,-30,8]} 1. d4 d5 2. c4 c6 3. Nf3 Nf6 4. e3 Bf5 5. Nc3 a6 6. Be2 {D15: Slav Defence: 4 Nc3 a6 and gambit lines after 4 Nc3 dxc4} (6. Qb3 Ra7 7. Nh4 Bc8 8. Bd2 e6 9. c5 Nbd7 10. Nf3 e5 11. Nxe5 Nxe5 12. dxe5 Nd7 13. Na4 Bxc5 14. Nxc5 Nxc5 {0-1 (84) Radjabov,T (2757)-Fedoseev,V (2724) Wijk aan Zee 2019}) 6... e6 7. Nh4 Be4 8. f3 {White is slightly better.} Bg6 $1 9. Qb3 b5 10. cxd5 $146 ({Don't play} 10. cxb5 axb5 11. Bd2 Nbd7 $11) ({Reject} 10. Nxg6 dxc4 11. Qc2 hxg6 $15) ({Predecessor:} 10. c5 Nbd7 11. a4 Qb8 12. Na2 Be7 13. Nb4 Qb7 14. axb5 axb5 15. Rxa8+ Qxa8 16. Nxg6 hxg6 {1-0 (40) Dambacher,M (2491)-Driessens,P (2306) Maastricht 2014}) 10... cxd5 11. Bd2 Bd6 12. Rc1 Nbd7 13. g3 Nb6 14. a4 b4 15. Nd1 a5 16. Bb5+ Nfd7 17. Rc6 Qb8 18. O-O O-O 19. Nxg6 hxg6 20. f4 (20. Kg2 $14) 20... Rc8 (20... Nc8 {feels hotter.} 21. Rc2 Ndb6 22. Bd3 Be7 23. Qa2 Nd6) 21. Rxc8+ Qxc8 22. Nf2 Qb7 23. Qd3 Nf6 24. b3 Ne4 25. Rc1 Rc8 26. Rxc8+ Nxc8 27. Nxe4 dxe4 28. Qc2 Ne7 29. Qc4 Qd5 30. Qc2 Kf8 31. Bc1 Qh5 32. Bf1 Qd5 33. Bg2 f5 34. Bf1 Kf7 35. Bb5 Qb7 36. Bb2 Nd5 37. Kf2 Qc7 {Accuracy: White = 46%, Black = 50%.} (37... g5 $5) 1/2-1/2

[Event "USA-ch Junior Girls 2019"]
[Site "Saint Louis"]
[Date "2019.07.14"]
[Round "4.2"]
[White "Zilajeva, Veronika"]
[Black "Feng, Maggie"]
[Result "1-0"]
[WhiteElo "1855"]
[BlackElo "2198"]
[Annotator "TA"]
[PlyCount "113"]
[EventDate "2019.07.09"]
[EventType "tourn"]
[EventCountry "USA"]
[SourceTitle "playchess.com"]
[Source "ChessBase"]
[SourceQuality "1"]

{[%evp 15,113,9,34,38,37,27,22,35,41,47,58,56,51,57,45,42,43,41,10,0,37,41,64,43,70,58,109,78,73,73,73,54,47,27,21,21,18,33,24,27,77,70,63,66,91,83,106,100,192,204,231,224,231,237,236,240,253,239,243,246,404,364,379,376,695,347,365,194,189,189,209,163,234,195,330,343,341,296,329,311,279,264,257,240,390,188,387,254,374,373,323,193,496,383,361,351,351,310,29998,29999]} 1. d4 e6 2. c4 Bb4+ 3. Nc3 f5 4. g3 Bxc3+ 5. bxc3 Nf6 6. Bg2 O-O 7. Nf3 d6 8. O-O Qe7 9. Ba3 {A85: Dutch Defence: 2 c4 Nf6 3 Nc3} (9. c5 dxc5 10. Ba3 Na6 11. Ne5 Rd8 12. Qb3 c6 13. Nd3 Ne4 14. Rad1 b6 15. dxc5 bxc5 16. Bxe4 fxe4 17. Nxc5 Rxd1 18. Rxd1 Nxc5 {1-0 (26) Posedaru,B (2307)-Nevednichy,V (2532) Olanesti 2018}) 9... c5 10. Rb1 $146 ({Predecessor:} 10. Nd2 e5 11. e4 exd4 12. cxd4 fxe4 13. dxc5 dxc5 14. Nxe4 Nxe4 {0-1 (51) Choroszej,A (1937)-Delega,T (2031) Warsaw 2016}) 10... Ne4 11. Qc2 {The position is equal.} b6 12. Nd2 Nxd2 13. Qxd2 ({Of course not} 13. Bxa8 Nxf1 14. Rxf1 Ba6 $15) 13... Bb7 14. Bxb7 Qxb7 15. dxc5 $1 dxc5 {[#]} 16. Bxc5 $1 {[%mdl 576] Pin} Rc8 (16... bxc5 17. Rxb7) 17. Bb4 Na6 18. Qe3 Qc6 19. c5 bxc5 20. Ba3 Qd5 (20... Nb8 $14) 21. Rb2 Rd8 22. Rfb1 Rd7 23. Rc2 Qc4 24. Rd2 Rad8 $1 25. Rbd1 Rxd2 26. Rxd2 Rxd2 27. Qxd2 Qa4 28. Bc1 Kf7 29. h4 h6 30. Qb2 Qc6 {[#]} 31. Bf4 $1 c4 (31... Qb6 $16 32. Qd2 Qb7) 32. Qa3 $18 Qb6 {[#]} 33. Be3 $1 {[%cal Re3b6]} Qb7 34. Qd6 Nb8 35. Bc5 Nc6 36. Qf8+ Kg6 37. Qe8+ {[%mdl 64] Double Attack} Kf6 $2 (37... Kh7 38. Qxe6 {[%mdl 64] Double Attack} Qb1+ 39. Kg2 Qe4+ 40. Qxe4 fxe4) 38. h5 {aiming for f4.} Ke5 39. Qf8 Qd7 $2 (39... Qc7 40. f3 Kd5) 40. Be3 (40. f3 $142 a5 41. Kf2) 40... a6 41. Qc5+ (41. f3 $142) 41... Kf6 42. Qxc4 a5 43. Qb5 e5 (43... Ne5 $142 44. Qc5 (44. Qxa5 Qd1+ 45. Kg2 Qxe2 $16) 44... Qd1+ 45. Kg2 Qxe2) 44. Qc5 Ne7 (44... Ke6 $142 45. c4 Qd6) 45. Qxa5 Qd1+ 46. Kg2 Qxe2 47. Bc5 Nc6 48. Qa8 Qe4+ 49. Kh2 Kg5 (49... Qd5 {was necessary.}) 50. Qe8 (50. Qg8 $142) 50... Kg4 $2 (50... f4 {might work better.} 51. Qf7 fxg3+ 52. fxg3 Qe2+ 53. Kg1 Qe4 54. Qxg7+ Kxh5) 51. Qg6+ Kf3 {intending ...Ke2.} 52. Qd6 {Qd1+ is the strong threat.} Kg4 53. Qd1+ (53. Qd7 $142) 53... Kg5 $2 (53... Qf3 {is tougher.} 54. Qd7 Kxh5 55. Qxg7 f4) 54. a4 f4 {[#]} 55. a5 $1 {[%mdl 512]} fxg3+ (55... Nxa5 56. Be7+) 56. fxg3 Nxa5 $2 (56... g6 $18 57. hxg6 Kxg6) 57. Be7+ {Accuracy: White = 57%, Black = 38%.} 1-0

[Event "USA-ch Junior Girls 2019"]
[Site "Saint Louis"]
[Date "2019.07.14"]
[Round "4.3"]
[White "Bykovtsev, Agata"]
[Black "Samadashvili, Martha"]
[Result "0-1"]
[WhiteElo "2012"]
[BlackElo "2124"]
[Annotator "TA"]
[PlyCount "117"]
[EventDate "2019.07.09"]
[EventType "tourn"]
[EventCountry "USA"]
[SourceTitle "playchess.com"]
[Source "ChessBase"]
[SourceQuality "1"]

{[%evp 26,117,0,0,0,0,0,0,24,18,26,13,36,33,55,58,62,34,54,47,30,40,51,43,45,48,46,7,37,7,0,0,0,0,0,-22,0,-8,0,-225,-220,-344,-344,-458,-434,-580,-559,-600,-344,-539,-237,-237,-237,-237,-237,-29955,-29954,-29958,-5672,-29972,-29973,-29973,-29974,-29974,-29975,-29975,-29976,-29975,-29974,-29975,-29975,-29975,-29976,-29976,-29976,-29977,-29978,-29989,-29978,-29978,-29978,-29977,-29976,-29976,-29973,-29974,-29977,-29977,-29978,-29976,-29979,-29979,-29980,-29980]} 1. e4 c5 2. Nf3 e6 3. d4 cxd4 4. Nxd4 Nc6 5. Nc3 Qc7 6. g3 a6 7. Bg2 d6 8. O-O Bd7 9. Re1 Be7 10. Nxc6 Bxc6 11. Qg4 h5 12. Qe2 h4 13. a4 hxg3 14. hxg3 Kf8 {B47: Sicilian: Taimanov: 5 Nc3 Qc7 6 f4, 6 g3 and 6 Be2} 15. a5 Bf6 16. Qd3 {[#]} Ne7 $146 {The position is equal.} ({Predecessor:} 16... Rh5 17. Bd2 Ne7 18. f4 g6 19. Bf3 Rc5 20. Kg2 Rc8 21. Rh1 Kg8 22. b4 {½-½ (56) Alsina Leal,D (2539)-Shankland,S (2605) Barcelona 2013}) 17. Be3 Re8 18. Red1 Nc8 (18... d5 {is more complex.} 19. Bd4 Bxd4 20. Qxd4 dxe4 21. Nxe4 Rh5) 19. b4 g6 20. Ra3 Kg7 21. b5 axb5 22. Nxb5 Qd7 23. c4 Rd8 24. Nd4 Bxd4 25. Bxd4+ e5 26. Be3 Qe6 27. f4 Qg4 $36 {[%mdl 2048] Black has the initiative.} 28. fxe5 dxe5 ({Don't go for} 28... Qxg3 $2 {[#]} 29. Bh6+ $1 {[%mdl 512]} Rxh6 30. Qxg3 $18) 29. Qxd8 Rxd8 30. Rxd8 Ne7 31. Bc5 {Threatens to win with a6.} Ng8 32. Bf2 $2 (32. Bf8+ $11 {and White has nothing to worry.} Kh7 33. Re3) 32... Nf6 $19 33. a6 (33. Bf3 $142 Qg5 34. Rd1) 33... bxa6 34. Rxa6 Bxe4 35. Bxe4 Nxe4 36. Ra2 Nxf2 37. Rxf2 (37. Kxf2 $142 e4 38. Ra3) 37... Qxc4 {[%mdl 4096] Endgame KQ-KRR} (37... Qxg3+ $142 38. Kf1 Qh3+ 39. Kg1 Qg4+ 40. Rg2 Qxc4) 38. Rd7 Qe6 39. Rb7 e4 40. Kg2 $2 (40. Kh2 $19) 40... Qd5 41. Re7 Kf8 42. Rfxf7+ Qxf7 {Black mates.} 43. Rxe4 {[#] KQ-KR} Qd5 $1 44. Kf3 Kf7 45. Ke3 Qb3+ 46. Kf2 Qc2+ 47. Re2 Qc5+ 48. Kf3 Kf6 49. Re4 Qc3+ 50. Re3 Qc6+ 51. Kf4 Qd6+ 52. Ke4 Qd1 53. Kf4 Qf1+ 54. Rf3 Qc4+ 55. Ke3+ Kg5 56. Rf4 Qc1+ 57. Kf3 Qf1+ 58. Ke3 Qg2 59. Kd4 {Accuracy: White = 54%, Black = 62%.} 0-1

[Event "USA-ch Junior Girls 2019"]
[Site "Saint Louis"]
[Date "2019.07.14"]
[Round "4.4"]
[White "Yan, Ruiyang"]
[Black "Wu, Rochelle"]
[Result "0-1"]
[WhiteElo "1851"]
[BlackElo "2085"]
[Annotator "NA RC"]
[PlyCount "74"]
[EventDate "2019.07.09"]
[EventType "tourn"]
[EventCountry "USA"]
[SourceTitle "playchess.com"]
[Source "ChessBase"]
[SourceQuality "1"]
[TimeControl "40/5400+30:1800+30"]

1. e4 {[%emt 0:00:00]} c5 {[%emt 0:00:00]} 2. Nf3 {[%emt 0:00:00]} d6 {[%emt 0:00:00]} 3. d4 {[%emt 0:00:00]} cxd4 {[%emt 0:00:00]} 4. Nxd4 {[%emt 0:00:00]} Nf6 {[%emt 0:00:00]} 5. Nc3 {[%emt 0:00:00]} a6 {[%emt 0:00:00]} 6. Be2 {[%emt 0:00:00]} e5 {[%emt 0:00:00]} 7. Nf3 {[%emt 0:00:00]} Be7 {[%emt 0:00:12]} 8. Bg5 {[%emt 0:00:04]} Be6 {[%emt 0:00:55] B92: Sicilian Najdorf: 6 Be2} 9. O-O {[%emt 0:00:08]} (9. Bxf6 Bxf6 10. O-O O-O 11. Qd2 Be7 12. Nd5 Nd7 13. Nxe7+ Qxe7 14. Rfd1 Rac8 15. c3 Rc6 16. Ng5 Nf6 17. Nxe6 fxe6 18. Qe3 Qc7 {½-½ (45) Harikrishna,P (2730)-Shankland,S (2731) Prague 2019}) 9... Nbd7 {[%emt 0:02:57]} 10. Bxf6 {[%emt 0:06:19]} Nxf6 {[%emt 0:00:07]} 11. Ng5 {[%emt 0:00:47]} O-O {[%emt 0:02:13]} 12. Nxe6 {[%emt 0:00:23]} fxe6 {[%emt 0:00:04]} 13. Bc4 {[%emt 0:06:43]} Qc8 {[%emt 0:05:05]} 14. Bb3 {[%emt 0:00:33]} Kh8 $146 {[%emt 0:02:05]} ({Predecessor:} 14... b5 15. a3 Kh8 16. Qe2 {½-½ (16) Grus,J (1850)-Smetak,V (1985) Klatovy 2000}) 15. a4 {[%emt 0:01:13]} Rd8 {[%emt 0:11:17]} 16. Qe2 {[%emt 0:01:12]} Qd7 {[%emt 0:05:25]} 17. a5 {[%emt 0:02:48]} Bf8 {[%emt 0:04:50]} 18. Na4 {[%emt 0:08:41]} Qf7 {[%emt 0:12:30]} 19. Nb6 {[%emt 0:00:32]} Rab8 $16 {[%emt 0:00:04]} 20. Rfd1 {[%emt 0:21:12]} g6 {[%emt 0:14:36]} 21. f3 {[%emt 0:08:07]} Bh6 {[%emt 0:05:39]} 22. Kh1 {[%emt 0:01:38]} Nh5 {[%emt 0:03:13]} 23. Nc4 {[%emt 0:02:30]} Qe7 {[%emt 0:04:56]} 24. g3 {[%emt 0:05:45]} Bg7 {[%emt 0:02:35]} 25. Nb6 {[%emt 0:02:10]} Rf8 {[%emt 0:03:23]} 26. Rd3 {[%emt 0:01:40]} Rbd8 {[%emt 0:01:38]} 27. Rad1 {[%emt 0:01:11]} Qg5 {[%emt 0:07:38]} 28. Qd2 {[%emt 0:03:33]} Qf6 {[%emt 0:00:11]} 29. Qe3 {[%emt 0:04:15]} Qe7 {[%emt 0:05:41]} 30. Nc4 {[%emt 0:04:25]} d5 {[%emt 0:00:05]} 31. exd5 {[%emt 0:00:07]} exd5 {[%emt 0:00:27]} 32. Rxd5 {[%emt 0:00:07]} Rxd5 {[%emt 0:00:22]} 33. Rxd5 {[%emt 0:00:05]} Nf6 {[%emt 0:03:37]} 34. Rxe5 {[%emt 0:01:49]} Qd7 {[%emt 0:00:03]} 35. Nb6 {[%emt 0:03:35]} Qd1+ {[%emt 0:00:39]} 36. Kg2 {[%emt 0:00:05]} Ng4 {[%emt 0:00:31]} 37. Qe2 {[%emt 0:00:04]} Bxe5 0-1

[Event "USA-ch Junior Girls 2019"]
[Site "Saint Louis"]
[Date "2019.07.14"]
[Round "4.5"]
[White "Li, Rachael"]
[Black "Yip, Carissa"]
[Result "0-1"]
[WhiteElo "1736"]
[BlackElo "2285"]
[Annotator "TA"]
[PlyCount "68"]
[EventDate "2019.07.09"]
[EventType "tourn"]
[EventCountry "USA"]
[SourceTitle "playchess.com"]
[Source "ChessBase"]
[SourceQuality "1"]

{[%evp 21,114,10,17,0,37,37,39,30,67,43,75,0,0,0,0,-157,0,-87,-46,-47,-28,-97,-96,-118,-118,-115,-75,-114,-97,-142,-110,-284,-218,-218,-153,-154,-140,-140,-151,-153,-38,-107,-105,-138,-148,-167,-132,-165,-138,-139,-82,-111,0,-10,0,-143,-142,-134,-122,-118,-103,-135,-135,-143,-83,-255,-258,-862,-547,-2615,-2082,-4821,-4251,-1901,-2145,-1559,-1477,-1883,-869,-29968,-29969,-29984,-29985,-29985,-29986,-29986,-29986,-29986,-29987,-29992,-29993,-29995,-29993,-29993,-29994]} 1. e4 c5 2. Nc3 Nc6 3. g3 g6 4. Bg2 Bg7 5. d3 d6 6. Be3 e6 7. Qd2 Rb8 8. Nge2 Nd4 9. O-O Ne7 10. Bh6 O-O 11. Bxg7 Kxg7 12. Nd1 {B26: Closed Sicilian: 3 g3, lines with early Be3} f5 (12... Nxe2+ 13. Qxe2 b5 14. Ne3 Bd7 15. Qd2 Nc6 16. c3 h5 17. d4 cxd4 18. cxd4 Qa5 19. Qd1 Qb4 {1-0 (38) Sprecic,M (2305)-Bozovic,N (2335) Pula 2017}) 13. f4 b5 14. Ne3 {White is slightly better.} Re8 $146 ({Predecessor:} 14... Bb7 15. c3 Nxe2+ 16. Qxe2 Qb6 17. exf5 exf5 18. Rfe1 Rbe8 19. Bxb7 Qxb7 {1-0 (59) Vo,H-Hoang,P Thua Thien Hue 2001}) 15. c3 Qa5 16. b4 ({White should play} 16. g4 $16) 16... Nxe2+ $11 17. Qxe2 cxb4 18. exf5 $2 (18. cxb4 $11 Qxb4 19. exf5) 18... gxf5 $2 (18... bxc3 $17 19. fxg6 hxg6) 19. Qh5 (19. cxb4 $11 Qxb4 20. Rac1) 19... Ng6 20. cxb4 Qxb4 21. Rae1 (21. Rac1 $11 {keeps the balance.}) 21... Bd7 $17 22. Kh1 Qd4 23. g4 {[%cal Rg4f5]} Qf6 24. gxf5 exf5 25. Bd5 Re7 26. Be4 $2 (26. Bg2 $17 Be6 27. Bd5) 26... fxe4 $19 27. Nd5 Qf5 28. Qxf5 Bxf5 29. Nxe7 Nxe7 30. dxe4 Bh3 ({Black should try} 30... Bc8 $17 31. Kg1 Bb7) 31. Rf3 (31. Rg1+ $15 Kf6 32. f5) 31... Bd7 32. Rg3+ Kf7 33. Kg2 Ng6 34. Kf3 Rc8 {Played: Rb8-e8} 0-1

[Event "USA-ch Junior Girls 2019"]
[Site "Saint Louis"]
[Date "2019.07.15"]
[Round "5.1"]
[White "Yip, Carissa"]
[Black "Cervantes Landeiro, Thalia"]
[Result "1/2-1/2"]
[WhiteElo "2285"]
[BlackElo "2147"]
[Annotator "TA"]
[PlyCount "85"]
[EventDate "2019.07.09"]
[EventType "tourn"]
[EventCountry "USA"]
[SourceTitle "playchess.com"]
[Source "ChessBase"]
[SourceQuality "1"]

{[%evp 18,85,52,38,48,28,89,39,54,19,31,58,70,74,114,95,100,60,93,54,78,0,0,0,114,114,117,121,114,113,135,112,121,101,104,96,100,104,159,128,252,167,233,200,180,157,161,122,178,140,154,124,132,92,144,147,164,148,165,57,60,0,0,0,0,0,0,0,0,0]} 1. e4 c5 2. Nf3 d6 3. d4 cxd4 4. Nxd4 Nf6 5. Nc3 a6 6. Be2 e5 7. Nb3 Be7 8. Be3 O-O 9. g4 Be6 10. g5 Ne8 {B92: Sicilian Najdorf: 6 Be2} (10... Nfd7 11. Qd2 Nb6 12. Nd5 Nxd5 13. exd5 Bf5 14. f4 Nd7 15. fxe5 Nxe5 16. Rf1 Be4 17. Rf4 Bg6 18. h4 Rc8 19. Nd4 {1-0 (64) Karjakin,S (2773)-Duda,J (2737) chess.com INT 2018}) 11. h4 Nc6 (11... Nc7 $11) 12. Qd2 f5 $146 {[#] And now ...f4 would win.White is slightly better.} ({Predecessor:} 12... Rc8 13. O-O-O Na5 14. Kb1 Nc4 15. Bxc4 Bxc4 16. f4 Qc7 17. f5 d5 18. exd5 Bxb3 19. cxb3 {1-0 (41) Dytman,R (1681)-Mazurek,B (1757) Poland 2018}) 13. exf5 Bxf5 14. Nd5 Rc8 15. Nb6 $36 {[%mdl 2048] Black is under strong pressure.} Rc7 16. Bc4+ Kh8 17. c3 Be4 18. Rh2 Bf3 19. Bd5 (19. Be2 $16) 19... e4 $1 $11 20. Nd4 Ne5 (20... Nxd4 $11 {keeps the balance.} 21. Qxd4 (21. Bxd4 Rc5 $17) 21... Rc5) 21. Ne6 $16 Bg4 22. Nxd8 Nf3+ 23. Kd1 Nxd2+ 24. Kxd2 Bxd8 25. Bxe4 Re7 26. Kd3 Bxb6 27. Bxb6 Rf4 (27... d5 $142 28. Bxd5 Rd7) 28. Bd5 Re2 (28... Rf5 $16) 29. Be3 Rf8 (29... Rf5 {might work better.}) 30. b4 b5 31. h5 Nc7 32. Bb3 {Strongly threatening Rg1.} Rb2 33. Rh4 Bf5+ 34. Kd4 Re8 35. Rd1 Re5 {[#]} ({Black should try} 35... Re2) 36. c4 $1 bxc4 37. Kc3 ({And not} 37. Kxc4 Nb5 $11) 37... Re2 38. Kxc4 (38. Bxc4 $18 Nb5+ 39. Bxb5 axb5 40. Rxd6) 38... Nb5 $14 39. Rf4 ({Better is} 39. a4 $1 $14 Be6+ 40. Kd3 Bxb3 41. Rc1) 39... Na3+ $11 {The position is equal.} 40. Kc3 Nb5+ 41. Kc4 {a4 is the strong threat.} Na3+ 42. Kc3 {Hoping for Ba4.} Nb5+ 43. Kc4 {Accuracy: White = 53%, Black = 46%.} 1/2-1/2

[Event "USA-ch Junior Girls 2019"]
[Site "Saint Louis"]
[Date "2019.07.15"]
[Round "5.2"]
[White "Wu, Rochelle"]
[Black "Li, Rachael"]
[Result "1/2-1/2"]
[WhiteElo "2085"]
[BlackElo "1736"]
[Annotator "NA RC"]
[PlyCount "68"]
[EventDate "2019.07.09"]
[EventType "tourn"]
[EventCountry "USA"]
[SourceTitle "playchess.com"]
[Source "ChessBase"]
[SourceQuality "1"]
[TimeControl "40/5400+30:1800+30"]

1. d4 {[%emt 0:00:00]} Nf6 {[%emt 0:00:00]} 2. c4 {[%emt 0:00:00]} g6 {[%emt 0:00:00]} 3. f3 {[%emt 0:00:00]} Bg7 {[%emt 0:00:00]} 4. e4 {[%emt 0:00:00]} d6 {[%emt 0:00:00]} 5. Nc3 {[%emt 0:00:10]} O-O {[%emt 0:00:05]} 6. Be3 {[%emt 0:00:06]} c5 {[%emt 0:00:09]} 7. Nge2 {[%emt 0:00:26]} Nbd7 {[%emt 0:00:12]} 8. d5 {[%emt 0:00:11]} Ne5 {[%emt 0:00:26]} 9. Ng3 {[%emt 0:00:12]} e6 {[%emt 0:00:39]} 10. a4 {[%emt 0:00:56]} exd5 {[%emt 0:00:10]} 11. cxd5 {[%emt 0:00:06]} a6 {[%emt 0:00:21]} 12. Be2 {[%emt 0:01:27]} Bd7 {[%emt 0:03:58]} 13. h3 {[%emt 0:03:26]} b5 {[%emt 0:05:38]} 14. f4 {[%emt 0:03:29]} Nc4 {[%emt 0:01:34]} 15. Bxc4 {[%emt 0:00:07]} bxc4 {[%emt 0:00:09]} 16. O-O {[%emt 0:02:07]} Qe7 {[%emt 0:12:19]} 17. Qe2 {[%emt 0:09:45]} Rfb8 {[%emt 0:05:34]} 18. Rae1 {[%emt 0:16:19]} h5 {[%emt 0:13:11]} 19. Bc1 {[%emt 0:03:25]} h4 {[%emt 0:04:00]} 20. Nh1 {[%emt 0:00:05]} Nh5 {[%emt 0:05:22]} 21. e5 {[%emt 0:12:38]} Bf5 {[%emt 0:05:59]} 22. Rf3 {[%emt 0:13:04]} Re8 {[%emt 0:08:14]} 23. Nf2 {[%emt 0:06:01]} dxe5 {[%emt 0:03:54]} 24. fxe5 {[%emt 0:01:06]} Bxe5 {[%emt 0:02:55]} 25. Rxf5 {[%emt 0:03:15]} gxf5 {[%emt 0:07:19]} 26. Qxh5 {[%emt 0:00:07]} Bh2+ {[%emt 0:00:10]} 27. Kxh2 {[%emt 0:02:11]} Qd6+ {[%emt 0:00:15]} 28. Re5 {[%emt 0:00:05]} Qxe5+ {[%emt 0:00:27]} 29. Kh1 {[%emt 0:00:11]} Qe1+ {[%emt 0:00:26]} 30. Kh2 {[%emt 0:00:06]} Qe5+ {[%emt 0:04:16]} 31. Kh1 {[%emt 0:00:03]} Qe1+ {[%emt 0:00:03]} 32. Kh2 {[%emt 0:00:06]} Qxc1 {[%emt 0:05:20]} 33. Qxf5 {[%emt 0:00:05]} Qe3 {[%emt 0:00:33]} 34. Nfe4 {[%emt 0:01:25]} Kf8 {[%emt 0:01:29]} 1/2-1/2

[Event "USA-ch Junior Girls 2019"]
[Site "Saint Louis"]
[Date "2019.07.15"]
[Round "5.3"]
[White "Samadashvili, Martha"]
[Black "Yan, Ruiyang"]
[Result "0-1"]
[WhiteElo "2124"]
[BlackElo "1851"]
[Annotator "TA"]
[PlyCount "152"]
[EventDate "2019.07.09"]
[EventType "tourn"]
[EventCountry "USA"]
[SourceTitle "playchess.com"]
[Source "ChessBase"]
[SourceQuality "1"]

{[%evp 18,152,39,0,16,17,18,27,25,18,30,19,36,35,44,30,28,19,11,-21,-20,-20,-22,-47,-20,-20,-20,-26,-26,-25,-13,-23,-16,-12,-18,-48,-40,-40,0,0,0,-80,-66,0,287,-122,-110,-161,-152,-153,-152,-167,0,-43,-52,-41,4,-12,-11,-14,-7,0,-17,-24,-24,-61,-22,-24,-24,-76,-65,-66,-74,-86,-87,-103,-104,-168,-167,-173,-150,-227,-224,-218,-218,-219,-37,-68,-15,-15,-15,-19,-15,-36,-33,-73,-15,-77,-81,-88,-75,-272,-264,-264,-241,-332,-75,-75,-75,-75,-75,-75,-75,-75,-75,-75,-72,-72,-73,-385,-366,-345,-294,-425,-425,-425,-425,-433,-418,-404,-75,-29987,-29988,-29988,-29989,-29989,-29990]} 1. e4 c5 2. Nf3 d6 3. Bb5+ Nd7 4. O-O a6 5. Bxd7+ Bxd7 6. d4 cxd4 7. Qxd4 Nf6 8. a4 e5 9. Qd3 h6 10. Nc3 Be7 {B51: Sicilian: Moscow Variation (3 Bb5+) without 3...Bd7} 11. Nd2 Rc8 12. Nc4 Be6 {White has an edge.} 13. Ne3 O-O 14. Rd1 {[#]} Qd7 $146 ({Predecessor:} 14... Rc6 15. Bd2 Qb8 16. a5 Bd8 17. Na4 Nh5 18. c4 Nf4 {0-1 (77) Dominguez Perez,L (2750)-Fedoseev,V (2683) Hengshui 2019}) 15. b3 Rc7 16. Bb2 Rfc8 17. Rac1 Rc5 18. f3 b5 19. axb5 axb5 20. Ra1 Qb7 21. b4 Bc4 $1 {[%cal Rc4d3]} 22. Qd2 R5c6 23. Ra3 Bd8 24. Kh1 Bb6 25. Nf5 Rd8 26. Qe1 Kh7 27. Qg3 {[%csl Gf5][%cal Rg3g7]} g6 28. Qh4 $1 {[%csl LRf6,LRh6][%mdl 64] Double Attack} Ng8 29. Nxh6 (29. Ne3 $1 $11) 29... g5 $1 $17 {[%cal Rg5h4]} ({Much worse is} 29... Nxh6 $6 30. Bc1 $16) 30. Qxg5 Nxh6 $4 {[%mdl 8192]} (30... f6 $1 $11 {and Black has nothing to worry.} 31. Qh5 Nxh6) 31. Bc1 $2 (31. Nd5 $1 $18 {[%cal Rd5f6]} Bxd5 32. Bc1) 31... d5 $1 32. Nxd5 (32. exd5 $17 Rg6 33. Qxe5) 32... Bxd5 33. exd5 Rg6 34. Qxe5 {[#]} Rdg8 $2 (34... Re6 $1 $19 {[%cal Re6e5][%mdl 512]} 35. Qg3 (35. dxe6 Rxd1+) 35... Rxd5) 35. g3 Qc8 36. Bf4 Qxc2 37. Rc1 Qf2 38. Qe1 $1 Qb2 39. Rd3 Nf5 $40 {[%mdl 128] Black attacks.} 40. Qd2 Qxd2 41. Rxd2 Rd8 42. Rd3 Nd4 43. Be5 (43. Be3 $11) 43... Rxd5 44. f4 Rg8 45. Bxd4 Bxd4 46. Kg2 Rgd8 47. Rcd1 (47. Kf3 $17) 47... R5d6 $19 48. Rc1 Bb6 49. Rdc3 (49. Rxd6 $17 Rxd6 50. Re1) 49... Rd2+ 50. Kh3 Kg7 51. Rc6 f5 $2 ({Black should play} 51... Bd4 $19 {...Rh8+ is the strong threat.} 52. Re1 Rh8+ 53. Kg4 Rdxh2) 52. Kh4 $1 $15 R8d6 (52... Bd4 $15 53. Kg5 Rxh2 54. Rc7+ Kg8) 53. Kg5 $11 Bd8+ 54. Kxf5 R6d5+ 55. Kg4 Rxh2 56. R1c5 Rhh5 (56... Rhd2 $17) 57. Rxd5 (57. Kf3 $11 {remains equal.}) 57... Rxd5 {[%mdl 4096] Endgame KRB-KR} 58. Ra6 Be7 59. Ra7 $2 (59. Kf3 $17) 59... Kf6 $1 $19 60. Ra6+ Rd6 61. Ra8 Rd4 $2 (61... Rb6 $19 62. Rh8 Kg7) 62. Ra6+ Kf7 63. Kf5 Bxb4 64. Ra7+ Be7 65. g4 b4 66. Rb7 Rd5+ 67. Ke4 Rd1 {And now ...Ke6 would win.} 68. g5 $2 {[%mdl 8192] [#]} (68. Ke5 $17 {is tougher.}) 68... Kg6 $1 69. Rb6+ Bd6 70. Rb7 (70. Ra6 {was called for.}) 70... Re1+ 71. Kd5 {[#]} Be7 $1 72. Rb6+ Kf5 73. g6 Kxf4 $2 (73... Re3 $19 {Strongly threatening ...Rd3+.} 74. Kd4 Rg3) 74. Re6 $2 {[%mdl 8192]} (74. Rb7 $17) 74... Rxe6 {Black mates.} 75. Kxe6 Bf8 76. Kf7 Bh6 {Accuracy: White = 41%, Black = 54%.} 0-1